<?xml version="1.0" encoding="UTF-8"?><marc:collection xmlns:marc="http://www.loc.gov/MARC21/slim">
  <marc:record>
    <marc:leader>00000nam##2200000za#4500</marc:leader>
    <marc:controlfield tag="001">9.650494</marc:controlfield>
    <marc:controlfield tag="003">CaOODSP</marc:controlfield>
    <marc:controlfield tag="005">20210615114401</marc:controlfield>
    <marc:controlfield tag="007">ta</marc:controlfield>
    <marc:controlfield tag="008">150407|2006||||xxc|||||     f|0| 0 eng|d</marc:controlfield>
    <marc:datafield tag="040" ind1=" " ind2=" ">
      <marc:subfield code="a">CaOODSP</marc:subfield>
      <marc:subfield code="b">eng</marc:subfield>
    </marc:datafield>
    <marc:datafield tag="043" ind1=" " ind2=" ">
      <marc:subfield code="a">n-cn---</marc:subfield>
    </marc:datafield>
    <marc:datafield tag="086" ind1="1" ind2=" ">
      <marc:subfield code="a">BC92-60/2006E</marc:subfield>
    </marc:datafield>
    <marc:datafield tag="110" ind1="2" ind2=" ">
      <marc:subfield code="a">Canadian Radio-television and Telecommunications Commission.</marc:subfield>
    </marc:datafield>
    <marc:datafield tag="245" ind1="1" ind2="4">
      <marc:subfield code="a">The future environment facing the Canadian broadcasting system : </marc:subfield>
      <marc:subfield code="b">a report prepared pursuant to section 15 of the Broadcasting Act </marc:subfield>
    </marc:datafield>
    <marc:datafield tag="260" ind1=" " ind2=" ">
      <marc:subfield code="a">Ottawa - Ontario : </marc:subfield>
      <marc:subfield code="b">Canadian Radio-television and Telecommunications Commission </marc:subfield>
      <marc:subfield code="c">2006.</marc:subfield>
    </marc:datafield>
    <marc:datafield tag="300" ind1=" " ind2=" ">
      <marc:subfield code="a">1 vol. (un-numbered). : </marc:subfield>
      <marc:subfield code="b">graphs, tables ; </marc:subfield>
      <marc:subfield code="c">28 cm.</marc:subfield>
    </marc:datafield>
    <marc:datafield tag="500" ind1=" " ind2=" ">
      <marc:subfield code="a">"On 8 June 2006, the Governor in Council issued Order in Council P.C. 2006-519 (the OIC), pursuant to section 15 of the Broadcasting Act (the Act). The OIC, a copy of which is appended in Appendix II of this report, requested that the Commission provide a factual report on the future environement facing the whole broadcasting system."--Introduction. Catalogue number (BC92-60/2006E-PDF) and ISBN (978-0-662-44656-9) for the PDF edition printed in this publication.</marc:subfield>
    </marc:datafield>
    <marc:datafield tag="520" ind1="3" ind2=" ">
      <marc:subfield code="a">This report examines the how to keep the broadcasting system relevant. It provides an overview of the evolution in audio-visual technologies and their use by Canadians and then analyzes how their impact on the broadcasting system. These findings are put into context for proposals for legislative, regulatory, and policy reform to ensure that the Canadian broadcasting system remains relevant in a global digital environment while meeting the diverse needs of Canadians.</marc:subfield>
    </marc:datafield>
    <marc:datafield tag="563" ind1=" " ind2=" ">
      <marc:subfield code="a">Softcover</marc:subfield>
    </marc:datafield>
    <marc:datafield tag="590" ind1=" " ind2=" ">
      <marc:subfield code="a">07-02</marc:subfield>
      <marc:subfield code="b">2007-01-12</marc:subfield>
    </marc:datafield>
    <marc:datafield tag="690" ind1="0" ind2="7">
      <marc:subfield code="a">Broadcasting industry</marc:subfield>
      <marc:subfield code="2">gcpds</marc:subfield>
    </marc:datafield>
    <marc:datafield tag="775" ind1="0" ind2="8">
      <marc:subfield code="t">L'environnement futur du système canadien de radiodiffusion : </marc:subfield>
      <marc:subfield code="w">(CaOODSP)9.683603</marc:subfield>
    </marc:datafield>
    <marc:datafield tag="776" ind1="0" ind2="#">
      <marc:subfield code="t">The future environment facing the Canadian broadcasting system : </marc:subfield>
      <marc:subfield code="w">(CaOODSP)9.689081</marc:subfield>
    </marc:datafield>
  </marc:record>
</marc:collection>
